| 000 | 00846 a2200217 4500 | ||
|---|---|---|---|
| 003 | Nust | ||
| 005 | 20221228120936.0 | ||
| 010 | _a 93039692 | ||
| 020 | _a0201575922 | ||
| 040 | _cNust | ||
| 082 | 0 | 0 | _a621.395,MAR |
| 100 | 1 |
_aMarcus, Aaron, _936951 |
|
| 245 | 1 | 4 |
_aThe cross-GUI handbook : _bfor multiplatform user interface design / _cAaron Marcus, Nick Smilonich, Lynne Thompson. |
| 260 |
_aReading, Mass. : _bAddison-Wesley Pub. Co., _cc1995. |
||
| 300 |
_axxiv, 276 p. : _bill. ; _c24 cm. |
||
| 505 | _aDesign Principles (Page-1), Desktop (Page-15), Windows (Page-39), Menus (Page-75), Controls (Page-103), Dialog Boxes (Page-145), Interaction and Feedback (Page-179). | ||
| 650 | 0 |
_aGraphical user interfaces (Computer systems) _999710 |
|
| 700 | 1 |
_aSmilonich, Nick. _9106189 |
|
| 700 | 1 |
_aThompson, Lynne. _9106190 |
|
| 942 |
_2ddc _cBK |
||
| 999 |
_c189164 _d189164 |
||